[Event "KUW-ch"]
[Site "Kuwait"]
[Date "2019.01.21"]
[Round "4"]
[White "Al Hamlan, Faisal"]
[Black "Alsharhan, Musaed"]
[Result "1-0"]
[WhiteElo "1920"]
[BlackElo "1701"]
[PlyCount "67"]
[EventDate "2019.01.17"]
[EventType "tourn"]
[EventRounds "9"]
[EventCountry "KUW"]
[SourceTitle "CBM 188 Extra"]
[Source "ChessBase"]
[SourceDate "2019.02.26"]
[SourceVersion "1"]
[SourceVersionDate "2019.02.26"]
[SourceQuality "1"]

1. d4 g6 2. e4 Bg7 3. Nf3 d6 4. Bc4 Nf6 5. Nc3 0-0 6. Qe2 Nbd7 7. e5 Ne8 8. e6 fxe6 9. Bxe6+ Kh8 10. Ng5 Bxd4 11. Nf7+ Rxf7 12. Bxf7 Ne5 13. Bb3 Ng4 14. 0-0 Bg7 15. h3 Ne5 16. Bg5 Nf6 17. Rad1 Qf8 18. f4 Nf7 19. Qc4 Nh6 20. Qxc7 Nf5 21. Rfe1 h6 22. Bxf6 Bxf6 23. Nd5 Bh4 24. g3 e6 25. gxh4 exd5 26. Ba4 Ng7 27. Rxd5 Qxf4 28. Qxd6 Qxh4 29. Qd8+ Qxd8 30. Rxd8+ Kh7 31. Re7 h5 32. h4 b6 33. Bc6 Rb8 34. Rc7 1-0

[Event "KUW-ch sf"]
[Site "Kuwait"]
[Date "2018.11.17"]
[Round "2"]
[White "Alsharhan, Musaed"]
[Black "Al Hamlan, Faisal"]
[Result "0-1"]
[WhiteElo "1656"]
[BlackElo "1931"]
[PlyCount "73"]
[EventDate "2018.11.16"]
[EventType "swiss"]
[EventRounds "9"]
[EventCountry "KUW"]
[SourceTitle "CBM 187 Extra"]
[Source "ChessBase"]
[SourceDate "2018.11.04"]
[SourceVersion "1"]
[SourceVersionDate "2018.11.04"]
[SourceQuality "1"]

1. e4 c6 2. d4 d5 3. f3 dxe4 4. fxe4 Nf6 5. Nc3 Bg4 6. Nf3 e6 7. a3 Nbd7 8. Bc4 b5 9. Bb3 Nb6 10. Bg5 Qc7 11. Bh4 b4 12. axb4 Bxb4 13. 0-0 Bxc3 14. Bxf6 Bxb2 15. Bxg7 Rg8 16. Be5 Qe7 17. Ra2 Bc3 18. Qd3 Qb4 19. Bc7 Bxf3 20. Qxf3 Bxd4+ 21. Kh1 Qe7 22. Bd6 Qd7 23. e5 Nd5 24. Bxd5 exd5 25. Qd3 Qg4 26. c3 Bb6 27. Qxh7 Qg7 28. Qh4 Bd8 29. Qa4 Kd7 30. Qa6 Bc7 31. Raf2 f5 32. Qb7 Rac8 33. g3 Qg4 34. Rxf5 Qe4+ 35. Kg1 Qe3+ 36. R1f2 Qe1+ 37. Rf1 0-1

[Event "KUW-ch sf"]
[Site "Kuwait"]
[Date "2015.11.06"]
[Round "4"]
[White "Alhassan, Meshari"]
[Black "Al Hamlan, Faisal"]
[Result "0-1"]
[WhiteElo "1490"]
[BlackElo "1956"]
[PlyCount "68"]
[EventDate "2015.11.02"]
[EventType "swiss"]
[EventRounds "9"]
[EventCountry "KUW"]
[SourceTitle "CBM 169 Extra"]
[Source "ChessBase"]
[SourceDate "2015.12.18"]
[SourceVersion "1"]
[SourceVersionDate "2015.12.18"]
[SourceQuality "1"]

1. d4 d5 2. c4 e6 3. Nf3 Nf6 4. g3 Be7 5. Bg2 0-0 6. 0-0 c6 7. Qc2 Nbd7 8. Bg5 h6 9. Bf4 Ne4 10. Nbd2 f5 11. Ne5 Nxe5 12. Bxe5 Bf6 13. Nf3 Bd7 14. e3 dxc4 15. Qxc4 Bxe5 16. dxe5 Qc7 17. Rfd1 Rad8 18. Nh4 Ng5 19. f4 Nf7 20. Nf3 Bc8 21. Nd4 Qe7 22. a4 c5 23. Nb5 b6 24. a5 a6 25. Nc3 b5 26. Qf1 Bb7 27. e4 fxe4 28. Nxe4 Bxe4 29. Bxe4 Nxe5 30. Qe2 Nd7 31. Qh5 Nf6 32. Qg6 Nxe4 33. Qxe4 Rd6 34. Rxd6 Qxd6 0-1

[Event "Arab Clubs-chT"]
[Site "Agadir"]
[Date "2015.10.14"]
[Round "3.4"]
[White "Farahat, Ali"]
[Black "Al Hamlan, Faisal"]
[Result "1-0"]
[WhiteElo "2403"]
[BlackElo "1952"]
[PlyCount "43"]
[EventDate "2015.10.13"]
[EventType "team-swiss"]
[EventRounds "9"]
[EventCountry "MAR"]
[SourceTitle "CBM 170 Extra"]
[Source "ChessBase"]
[SourceDate "2016.02.25"]
[SourceVersion "1"]
[SourceVersionDate "2016.02.25"]
[SourceQuality "1"]
[WhiteTeam "Sharkia Dokhan"]
[BlackTeam "Kuwait Club"]
[WhiteTeamCountry "EGY"]
[BlackTeamCountry "KUW"]

1. e4 d5 2. exd5 Qxd5 3. Nc3 Qa5 4. d4 Nf6 5. Nf3 c6 6. Bc4 Bg4 7. h3 Bh5 8. g4 Bg6 9. Bd2 Qc7 10. Ne5 Nbd7 11. Qe2 Nb6 12. Bf4 Qd8 13. Bb3 e6 14. 0-0-0 Bd6 15. h4 a5 16. a4 Nbd5 17. Nxd5 Nxd5 18. Bxd5 cxd5 19. h5 Be4 20. f3 f6 21. Qb5+ Ke7 22. fxe4 1-0

[Event "Arab Clubs-chT"]
[Site "Marrakesh"]
[Date "2014.05.25"]
[Round "2"]
[White "Boydia, Sidi"]
[Black "Al Hamlan, Faisal"]
[Result "1/2-1/2"]
[WhiteElo "2068"]
[BlackElo "1974"]
[PlyCount "132"]
[EventDate "2014.05.24"]
[EventType "team-swiss"]
[EventRounds "9"]
[EventCountry "MAR"]
[SourceTitle "EXT 2018"]
[Source "ChessBase"]
[SourceDate "2017.10.13"]
[SourceVersion "1"]
[SourceVersionDate "2017.10.13"]
[SourceQuality "1"]
[WhiteTeam "Karama"]
[BlackTeam "Kuwait Mind Sports"]
[WhiteTeamCountry "MAU"]
[BlackTeamCountry "KUW"]

1. e4 c5 2. Nf3 d6 3. g3 Nc6 4. Bg2 e5 5. d3 Be7 6. 0-0 h5 7. h3 g5 8. Nfd2 Be6 9. Nc3 Qd7 10. Kh2 Nh6 11. Nc4 0-0-0 12. Ne3 Rdg8 13. Ncd5 Bd8 14. c3 Kb8 15. a3 f5 16. exf5 Nxf5 17. Nxf5 Bxf5 18. b4 Qh7 19. b5 Na5 20. d4 exd4 21. cxd4 Bc2 22. Qf3 Rf8 23. Qc3 Nb3 24. Ra2 Nxd4 25. Be3 Be4 26. Bxd4 Bxg2 27. Kxg2 Qe4+ 28. Kg1 Qxd5 29. Bxh8 Qxa2 30. Bg7 Rf7 31. Bh8 Qe6 32. Qd2 d5 33. Re1 Qd7 34. Qe3 d4 35. Qe5+ Qc7 36. Qd5 Rd7 37. Qf5 Kc8 38. Rc1 b6 39. Bxd4 Qd6 40. Be3 Qd3 41. Qf3 Kb8 42. a4 h4 43. Qg4 hxg3 44. Qxg3+ Qd6 45. Kg2 Kb7 46. Qxd6 Rxd6 47. Rc4 Rd5 48. Kf3 Bf6 49. Kg4 a6 50. Kh5 axb5 51. axb5 Bd4 52. Bxg5 Bxf2 53. Rf4 Bd4 54. Rf7+ Kc8 55. Kg6 c4 56. h4 c3 57. Bf4 Be5 58. Bg5 Rxb5 59. h5 Rb1 60. Rf5 Re1 61. h6 c2 62. h7 Bh8 63. Rf8+ Kb7 64. Rxh8 Rg1 65. Rb8+ Kxb8 66. h8Q+ Kb7 1/2-1/2

[Event "Arab Clubs-chT"]
[Site "Marrakesh"]
[Date "2014.05.24"]
[Round "1"]
[White "Al Hamlan, Faisal"]
[Black "Adly, Ahmed"]
[Result "0-1"]
[WhiteElo "1974"]
[BlackElo "2594"]
[PlyCount "76"]
[EventDate "2014.05.24"]
[EventType "team-swiss"]
[EventRounds "9"]
[EventCountry "MAR"]
[SourceTitle "EXT 2018"]
[Source "ChessBase"]
[SourceDate "2017.10.13"]
[SourceVersion "1"]
[SourceVersionDate "2017.10.13"]
[SourceQuality "1"]
[WhiteTeam "Kuwait Mind Sports"]
[BlackTeam "Club Houar"]
[WhiteTeamCountry "KUW"]
[BlackTeamCountry "EGY"]

1. d4 d5 2. Nf3 c5 3. c3 e6 4. g3 Nf6 5. Bg2 Be7 6. 0-0 0-0 7. Bg5 Nc6 8. Nbd2 cxd4 9. cxd4 Qb6 10. Nb3 h6 11. Bf4 a5 12. Rb1 a4 13. Na1 Bd7 14. h4 Rfc8 15. a3 Ra5 16. Bd2 Rb5 17. Bc3 Ne4 18. Qd3 Bxa3 19. bxa3 Nxc3 20. Rxb5 Nxb5 21. Rb1 Ncxd4 22. Ne5 Be8 23. e4 Rc3 24. Qd1 Qc7 25. Qh5 Rc1+ 26. Rxc1 Qxc1+ 27. Kh2 Qxa1 28. exd5 Qxa3 29. dxe6 Nxe6 30. Nxf7 Qe7 31. Nxh6+ gxh6 32. Qxh6 Nc3 33. Qe3 Qf6 34. Bxb7 a3 35. Bc8 Bf7 36. Qa7 a2 37. f4 Qd4 38. Qa8 Qf2+ 0-1

[Event "London Classic op 5th"]
[Site "London"]
[Date "2013.12.11"]
[Round "5"]
[White "Whatley, Stephen Arthur"]
[Black "Al Hamlan, Faisal"]
[Result "1-0"]
[WhiteElo "1852"]
[BlackElo "1997"]
[PlyCount "127"]
[EventDate "2013.12.07"]
[EventType "swiss"]
[EventRounds "9"]
[EventCountry "ENG"]
[SourceTitle "CBM 157 Extra"]
[Source "ChessBase"]
[SourceDate "2013.12.19"]
[SourceVersion "1"]
[SourceVersionDate "2013.12.19"]
[SourceQuality "1"]

1. e4 g6 2. Nf3 Bg7 3. d4 b6 4. Bd3 Bb7 5. 0-0 e6 6. c3 d6 7. Bg5 f6 8. Be3 Nd7 9. Nbd2 Qe7 10. a4 a5 11. Qe2 Nh6 12. Ne1 Nf7 13. Nc2 0-0 14. b4 f5 15. f3 f4 16. Bf2 g5 17. Rfb1 Nf6 18. bxa5 Rxa5 19. Nb3 Ra7 20. a5 Rfa8 21. a6 Bc8 22. Nb4 Bd7 23. Bb5 Qe8 24. Bxd7 Qxd7 25. Rd1 d5 26. e5 Ne8 27. c4 Bf8 28. c5 bxc5 29. dxc5 c6 30. Na5 Nd8 31. Nc4 Qc7 32. Nd6 Qd7 33. Nc4 Qg7 34. Nb6 Rb8 35. Nd3 Qg6 36. Nb2 Ng7 37. Rd3 Nf5 38. Qd2 Nf7 39. Qe1 h5 40. Rb3 Bg7 41. Nd3 Rf8 42. Ra4 h4 43. h3 Qh5 44. Nb4 Nxe5 45. Nxc6 Nxc6 46. Qxe6+ Qf7 47. Qxc6 d4 48. Nc4 Ne3 49. Rb7 Qf5 50. Nd2 Qc2 51. Rxa7 Qxd2 52. Ra1 Rf6 53. Qb7 Nf5 54. Qd5+ Kh7 55. Qa2 Qc3 56. Qa5 Qc4 57. Rd7 Ne3 58. a7 d3 59. a8Q Rg6 60. Qa2 Qc3 61. Q8g8+ Kh6 62. Rxg7 Qxg7 63. Qxg7+ Rxg7 64. Qe6+ 1-0

[Event "KUW-ch"]
[Site "Kuwait"]
[Date "2013.11.13"]
[Round "2"]
[White "Al Hamlan, Faisal"]
[Black "Al Hajiri, Bader"]
[Result "1-0"]
[WhiteElo "1976"]
[BlackElo "2056"]
[PlyCount "81"]
[EventDate "2013.11.12"]
[EventType "tourn"]
[EventRounds "13"]
[EventCountry "KUW"]
[SourceTitle "CBM 157 Extra"]
[Source "ChessBase"]
[SourceDate "2013.12.19"]
[SourceVersion "1"]
[SourceVersionDate "2013.12.19"]
[SourceQuality "1"]

1. d4 d5 2. Nf3 Nf6 3. g3 c6 4. Bg2 Bf5 5. Nbd2 e6 6. 0-0 Nbd7 7. c4 Be7 8. Qb3 Qb6 9. c5 Qc7 10. Qc3 b6 11. b4 0-0 12. Bb2 a5 13. a3 Rfb8 14. Nh4 Bg4 15. Bf3 Bh3 16. Bg2 Bxg2 17. Nxg2 Ne8 18. e4 bxc5 19. bxc5 dxe4 20. Nxe4 f5 21. Nd2 Nxc5 22. dxc5 Bf6 23. Qc4 Rxb2 24. Qxe6+ Qf7 25. Qxc6 Rd8 26. Nf3 Qd5 27. Qxd5+ Rxd5 28. Rac1 Rb3 29. Ne3 Rd8 30. a4 Ra3 31. Rc4 Nc7 32. Kg2 g6 33. Rb1 Re8 34. Rb7 Bd8 35. c6 Ra2 36. Rd4 Bf6 37. Rd7 Rxe3 38. Rdxc7 Re8 39. Rf7 Ree2 40. Rxf6 Rxf2+ 41. Kh3 1-0

[Event "Salento op 2nd"]
[Site "Gallipoli"]
[Date "2013.05.27"]
[Round "4"]
[White "Schmitz, Andreas Arnold"]
[Black "Al Hamlan, Faisal"]
[Result "1-0"]
[WhiteElo "2059"]
[BlackElo "1968"]
[PlyCount "135"]
[EventDate "2013.05.25"]
[EventType "swiss"]
[EventRounds "9"]
[EventCountry "ITA"]
[SourceTitle "EXT 2014"]
[Source "ChessBase"]
[SourceDate "2013.11.20"]
[SourceVersion "1"]
[SourceVersionDate "2013.11.20"]
[SourceQuality "1"]

1. e4 e6 2. d4 d5 3. Nd2 Nd7 4. Bd3 c5 5. exd5 exd5 6. dxc5 Bxc5 7. Nb3 Bb6 8. Qe2+ Qe7 9. Bg5 Qxe2+ 10. Nxe2 Ngf6 11. f3 0-0 12. 0-0-0 h6 13. Bh4 a5 14. a4 Ne5 15. Bxf6 gxf6 16. Ned4 Bd7 17. Bb5 Nc6 18. Ne2 Be6 19. Kb1 Rfd8 20. Rhe1 Ba7 21. Rf1 Bb6 22. f4 Bf5 23. Bd3 Be4 24. f5 Ne5 25. h3 Kf8 26. Nf4 Nxd3 27. cxd3 Bxf5 28. g4 Bh7 29. Nh5 Rd6 30. Rxf6 Rad8 31. Kc2 Bg6 32. Rdf1 Bxh5 33. gxh5 R8d7 34. d4 Kg7 35. Rxd6 Rxd6 36. Rf5 Bd8 37. Nc5 b6 38. Nb7 Rc6+ 39. Kd3 Be7 40. Rxd5 Rc7 41. Nd6 Bxd6 42. Rxd6 Rb7 43. b3 b5 44. Rd5 bxa4 45. bxa4 Rb3+ 46. Ke4 Rxh3 47. Rxa5 Rh4+ 48. Kd3 Kf6 49. Re5 Rh3+ 50. Kc4 Ra3 51. a5 Ra4+ 52. Kd3 Ra3+ 53. Ke4 Ra4 54. Rb5 Ra1 55. Kd5 Kg5 56. Kc6+ f5 57. d5 f4 58. d6+ Kf6 59. d7 Rc1+ 60. Kd6 Rd1+ 61. Rd5 Rxd5+ 62. Kxd5 Ke7 63. Ke4 Kxd7 64. Kxf4 Kc6 65. Kf5 Kb5 66. Kg6 Kxa5 67. Kxh6 Kb6 68. Kg7 1-0

[Event "Salento op 2nd"]
[Site "Gallipoli"]
[Date "2013.05.26"]
[Round "2"]
[White "Al Hamlan, Faisal"]
[Black "Sachdev, Tania"]
[Result "0-1"]
[WhiteElo "1968"]
[BlackElo "2408"]
[PlyCount "110"]
[EventDate "2013.05.25"]
[EventType "swiss"]
[EventRounds "9"]
[EventCountry "ITA"]
[SourceTitle "CBM 154 Extra"]
[Source "ChessBase"]
[SourceDate "2013.06.25"]
[SourceVersion "2"]
[SourceVersionDate "2013.06.25"]
[SourceQuality "1"]

1. d4 Nf6 2. Nf3 e6 3. g3 c5 4. c3 b6 5. Bg2 Bb7 6. 0-0 Be7 7. Bg5 d6 8. Nbd2 Nbd7 9. Re1 cxd4 10. cxd4 0-0 11. Qa4 a6 12. Rac1 b5 13. Qc2 Rc8 14. Qb1 h6 15. Bxf6 Nxf6 16. Rxc8 Qxc8 17. Rc1 Qa8 18. Ne1 Nd5 19. e3 Re8 20. a3 Qb8 21. Nd3 a5 22. b4 a4 23. Rc2 Bg5 24. Nf1 Nb6 25. Bxb7 Qxb7 26. Nd2 d5 27. Nc5 Qa7 28. f4 Be7 29. Rc3 Nc4 30. Qc2 Bxc5 31. dxc5 e5 32. Nxc4 dxc4 33. Qd2 Qc7 34. Qd5 exf4 35. exf4 Qe7 36. Qd2 Rd8 37. Qe3 Rd1+ 38. Kg2 Qd7 39. Rc2 Qd5+ 40. Kf2 Rh1 41. Re2 Rxh2+ 42. Ke1 Rh1+ 43. Kf2 Qd1 44. Qe8+ Kh7 45. Qe4+ g6 46. Re1 Rh2+ 47. Kf1 Qd2 48. Re2 Qc1+ 49. Re1 Qb2 50. Qf3 Qb3 51. Re3 c3 52. Kg1 Rd2 53. Rxc3 Qb1+ 54. Qf1 Rd1 55. Qxd1 Qxd1+ 0-1